| 000 | 00679nam a22002177a 4500 | ||
|---|---|---|---|
| 999 |
_c20962 _d20962 |
||
| 003 | AR-CdUCM | ||
| 008 | 190306b ||||| |||| 00| 0 spa d | ||
| 040 |
_aMUNICIPALIDAD PROVINCIAL DEL CUSCO _cBIBLIOTECA MUNICIPAL DEL CUSCO |
||
| 082 |
_a890.45 / _bSI52 |
||
| 100 |
_aSienkiewicz, Enrique _911398 |
||
| 245 |
_aQuo vadis? : _bNarración histórica del tiempo de Nerón / |
||
| 260 |
_aMéxico, D. F. : _bNacional, _c1970. |
||
| 300 |
_a412 paginas ; _c23 cm. _bIlustraciones, |
||
| 500 | _a[libro reempastado] | ||
| 505 | _aContenido :Novela | ||
| 650 |
_aSiglo XX _98 |
||
| 650 |
_aLiteratura _9416 |
||
| 650 |
_aNerón _943741 |
||
| 942 |
_2ddc _cLIBROS |
||
| 945 | _aAndy | ||